| 000 | 00718cab a2200253 4500 | ||
|---|---|---|---|
| 001 | X2411 | ||
| 008 | 090401t1995 xxu||||| |||| 00| 0 eng d | ||
| 035 | _a(Sirsi) u24048 | ||
| 041 | _aeng | ||
| 100 | _aChurch, A. | ||
| 245 | 4 | _aThe Thames Gateway - an analysis of the emergence of a sub-regional regeneration initiative | |
| 260 | _c1995 | ||
| 350 | _a0 | ||
| 490 |
_aGeographical Journal _v161(2) July 1995, 199-209(11) |
||
| 650 | _aEAST THAMES CORRIDOR | ||
| 650 | _aREDEVELOPMENT | ||
| 650 | _aSUB-REGIONAL PLANNING GUIDANCE STRATEGIES | ||
| 650 | _aTHAMES GATEWAY | ||
| 690 | _aPLANNING LAW AND PRACTICE | ||
| 690 | _aURBAN RENEWAL | ||
| 700 | _aFrost, M. | ||
| 942 | _n0 | ||
| 948 | _c04/03/1997 | ||
| 999 |
_c16106 _d16106 |
||